|
|
|
|
| LEADER |
01072nam a2200265 a 4500 |
| 001 |
GR-MES410 |
| 008 |
991111s gw 000 b eng d |
| 020 |
|
|
|a 3489507169
|
| 040 |
|
|
|a GrPaTEI
|b gre
|c GR-PaULI
|
| 245 |
0 |
0 |
|a Colour atlas for the diagnosis of bacterial pathogens in animals =
|b Farbatlas zur diagnose bakterieller infektionserreger der tiere.
|
| 260 |
|
|
|a Berlin :
|b Verlag Paul Parey,
|c c1988
|
| 300 |
|
|
|a 339σελ. :
|b εικ.,πιν.
|
| 500 |
|
|
|a Περιλαμβάνει βιβλιογραφικές αναφορές
|
| 650 |
|
0 |
|a IΑΤΡΙΚΗ
|
| 650 |
|
4 |
|a Βακτήρια
|
| 650 |
|
4 |
|a Μικροβιολογία
|
| 700 |
1 |
|
|a Amtsberg, Gunter
|
| 700 |
1 |
|
|a Bisring, Wolfgang
|
| 700 |
1 |
|
|a Phillips, James
|
| 700 |
1 |
|
|a Siller, Water
|
| 710 |
0 |
|
|a Verlag Paul Parey
|
| 942 |
|
|
|2 ddc
|
| 952 |
|
|
|0 0
|1 0
|2 ddc
|4 0
|6 616_014000000000000_BIS
|7 0
|9 263640
|a MSLG
|b MSLG
|c BSC
|d 2021-01-17
|e 24
|f 0
|g 0.00
|l 0
|o 616.014 BIS
|p 2420000003845
|r 2021-01-17 00:00:00
|t 1
|w 2021-01-17
|y BK15
|x 19991111 0 1
|x GrPaTEI
|
| 971 |
|
|
|a .b2571451x
|b 15-04-20
|c 13-09-16
|
| 999 |
|
|
|c 151787
|d 151787
|